000 00553nam a2200169 i 4500
001 22804
003 ES-MaACL
005 20230906152747.0
007 t|
008 021204s1918 sp ||||1| spa d
100 1 _aAlós y de Dou, Ramón de.
_920452
245 1 4 _aLos Catálogos Lulianos
_b: contribución al estudio de la obra de Ramón Lull /
_cpor Ramón de Alós y de Dou.
260 _aBarcelona :
_b[s.n.,
_c1918] (
_fImp. Francisco J. Altés y Alabart)
300 _a111 p. ;
_c25 cm.
502 _aTesis doctoral.
852 _aES-MaACL
_jF-9892
999 _c22804
_d22804